Vykurovanie 2018 zborník prednášok 26. medzinárodnej vedecko-odbornej konferencie na tému Nové trendy v zásobovaní budov teplom : 12.-16. február 2018 : Grand hotel Permon, Podbanské, Vysoké Tatry
| Other Authors: | , |
|---|---|
| Format: | Conference Proceeding Software eBook |
| Language: | Slovak Czech English Hungarian |
| PhysicalDescription: | 1 CD-ROM farebný 12 cm Vydané aj v tlačenej forme |
| Published: |
Bratislava
SSTP Bratislava
2018
|
| ISBN: | 9788089878208 |
| Edition: | Vydanie prvé |
| Subjects: |
MARC
| LEADER | 00000nam a2200000 4500 | ||
|---|---|---|---|
| 001 | vtls011884315 | ||
| 003 | SK-MaSNL | ||
| 005 | 20260301101733.0 | ||
| 007 | co cg auuua | ||
| 008 | 190902s2017 xo | fqn 100 0 slo | ||
| 015 | |a SNBS2019 | ||
| 020 | |a 9788089878208 |q (elektronická kniha) | ||
| 040 | |a SNK |b slo |c SNK |e rda | ||
| 041 | 0 | |a slo |a cze |a eng |a hun | |
| 044 | |a xo |c SK | ||
| 072 | 7 | |a 697 |x Vykurovanie, vetranie, klimatizácia |2 konspekt | |
| 072 | 7 | |a 620.9 |x Energetika |2 konspekt | |
| 080 | |a 697.1/.7 |2 2011 | ||
| 080 | |a 697.11 |2 2011 | ||
| 080 | |a 620.92/.95 |2 2011 | ||
| 080 | |a 697.3/.5 |2 2011 | ||
| 080 | |a (062.534) |2 2011 | ||
| 080 | |a (0.034.44) |2 2011 | ||
| 111 | 2 | |a Vykurovanie |n (26. : |d 2018 : |c Podbanské, Slovensko) |4 pbl |9 436426 | |
| 245 | 1 | 0 | |a Vykurovanie 2018 |b zborník prednášok 26. medzinárodnej vedecko-odbornej konferencie na tému Nové trendy v zásobovaní budov teplom : 12.-16. február 2018 : Grand hotel Permon, Podbanské, Vysoké Tatry |c editor: Dušan Petráš, Zuzana Švecová |
| 246 | 3 | 0 | |a Nové trendy v zásobovaní budov teplom |
| 250 | |a Vydanie prvé | ||
| 264 | 1 | |a Bratislava |b SSTP Bratislava |c 2018 | |
| 300 | |a 1 CD-ROM |b farebný |c 12 cm | ||
| 336 | |a text |b txt |2 rdacontent | ||
| 337 | |a počítač |b c |2 rdamedia | ||
| 338 | |a počítačový disk |b cd |2 rdacarrier | ||
| 347 | |a textový súbor |b PDF |2 rda | ||
| 504 | |a Obsahuje bibliografie | ||
| 530 | |a Vydané aj v tlačenej forme | ||
| 546 | |a Text čiastočne aj anglicky, česky a maďarsky | ||
| 650 | 0 | 7 | |a vykurovanie |2 SNKPH |9 14779 |
| 650 | 0 | 7 | |a energetická náročnosť budov |2 SNKPH |9 98725 |
| 650 | 0 | 7 | |a alternatívne energetické zdroje |2 SNKPH |9 3476 |
| 650 | 0 | 7 | |a zásobovanie teplom |2 SNKPH |9 31022 |
| 650 | 0 | 7 | |a Heating |2 SNKPHeng |9 274659 |
| 650 | 0 | 7 | |a Energy intensiveness of buildings |2 SNKPHeng |9 315553 |
| 650 | 0 | 7 | |a Renewable energy sources |2 SNKPHeng |9 266485 |
| 650 | 0 | 7 | |a Heat supply |2 SNKPHeng |9 336869 |
| 655 | 7 | |a zborníky konferencií |2 SNKPH |9 70153 | |
| 655 | 7 | |a CD-ROM |2 SNKPH |9 70236 | |
| 655 | 7 | |a Proceedings of conferences |2 SNKPHeng |9 265791 | |
| 700 | 1 | |a Petráš, Dušan, |d 1956- |4 edt |9 85201 | |
| 700 | 1 | |a Švecová, Zuzana, |d 1970- |4 edt |9 203643 | |
| 710 | 2 | |a Slovenská spoločnosť pre techniku prostredia |4 pbl |9 222596 | |
| 776 | 1 | |t Vykurovanie 2018 |w vtls011882065 | |
| 919 | |a 978-80-89878-20-8 | ||
| 958 | |a NB | ||
| 999 | |c 690185 |d 692115 | ||
| 952 | |a SNK |b SNK |y PREZ |7 0 |p 17A1374823 |o snkSCDM 10690 |i snk2019/21753 |8 0 |0 0 |1 0 |4 0 |d 2019-09-02 |l 0 |r 2026-02-23 20:24:52 |w 2026-02-23 | ||
| 952 | |t snkVYK 697 |a SNKMST |b SNKMST |y PREZ |7 0 |p 17A1374824 |o snkSCDM 10690 D1 |i snk2019/21754 |8 0 |0 0 |1 0 |4 0 |d 2019-09-02 |l 0 |r 2025-08-13 00:00:00 |w 2026-02-23 | ||


